000 00851cam a2200289 4500
008 #DATE n2001 000 0 eng u
020 _a0728203707
035 _a(Sirsi) u115408
041 _aeng
050 _a346.4104343
100 _aWilliams, Del W.
245 _aFox-Andrews on business tenancies.
250 _a6th ed.
260 _aLondon
_bEstates Gazette
_c2001
300 _axxvi,412p. ; 22cm.
350 _a£35.00
520 _aPractical guide to the Landlord and Tenant Act 1954 Part II (England and Wales)
650 _aBUSINESS TENANCIES
650 _aCIVIL PROCEDURE RULES 1998
650 _aCOMPENSATION
650 _aLANDLORD AND TENANT ACT 1954
650 _aLEASE RENEWAL
650 _aSECURITY OF TENURE
690 _aLANDLORD AND TENANT-BUSINESS TENANCIES
700 _aFox-Andrews, James
942 _n0
999 _c101757
_d101757